[Event "RSA-ch U20"]
[Site "Cape Town"]
[Date "2019.12.08"]
[Round "2"]
[White "Vundla, Mthandazo"]
[Black "Prinsloo, Marthinus Philippus"]
[Result "1-0"]
[WhiteElo "1732"]
[BlackElo "1638"]
[PlyCount "21"]
[EventDate "2019.12.07"]
[EventType "tourn"]
[EventRounds "11"]
[EventCountry "RSA"]
[SourceTitle "CBM 193 Extra"]
[Source "ChessBase"]
[SourceDate "2020.01.31"]
[SourceVersion "1"]
[SourceVersionDate "2020.01.31"]
[SourceQuality "1"]

1. e4 g6 2. Nf3 Bg7 3. d4 c5 4. Bc4 cxd4 5. c3 Nf6 6. e5 Ng4 7. Bxf7+ Kf8 8. Bb3 dxc3 9. Nxc3 Nxe5 10. Nxe5 Bxe5 11. Qd5 1-0

[Event "Commonwealth-ch U18"]
[Site "New Delhi"]
[Date "2018.06.26"]
[Round "1"]
[White "Harshavardhan, GB."]
[Black "Prinsloo, Marthinus Philippus"]
[Result "1-0"]
[WhiteElo "2194"]
[BlackElo "1647"]
[PlyCount "115"]
[EventDate "2018.06.26"]
[EventType "swiss"]
[EventRounds "7"]
[EventCountry "IND"]
[SourceTitle "EXT 2019"]
[Source "ChessBase"]
[SourceDate "2018.10.10"]
[SourceVersion "1"]
[SourceVersionDate "2018.10.10"]
[SourceQuality "1"]

1. d4 Nf6 2. c4 c5 3. d5 b5 4. Qc2 g6 5. e4 d6 6. cxb5 a6 7. Nc3 axb5 8. Bxb5+ Bd7 9. Bc4 Bg7 10. Nge2 0-0 11. 0-0 Bc8 12. Bf4 Nbd7 13. Qc1 Ng4 14. Ng3 Qa5 15. Be2 Nge5 16. Bh6 Ba6 17. Bxg7 Kxg7 18. Bxa6 Qxa6 19. Qg5 f6 20. Qe3 Rfb8 21. b3 c4 22. f4 Nd3 23. Rad1 N7c5 24. e5 f5 25. exd6 exd6 26. Qe7+ Kg8 27. Nxf5 Rb7 28. Nh6+ Kh8 29. Qf6+ Rg7 30. Qd4 cxb3 31. axb3 Nb2 32. Rde1 Nxb3 33. Qf6 Qa7+ 34. Kh1 Qd4 35. Nf7+ Kg8 36. Qxd4 Nxd4 37. Nxd6 Rd7 38. Nde4 Kf7 39. Ng5+ Kg8 40. Rb1 Nc4 41. Nce4 Kg7 42. Rfd1 Nc2 43. Nc5 Rda7 44. d6 N2e3 45. Re1 Nxd6 46. Rxe3 Ra1 47. Ree1 Rxb1 48. Rxb1 Nf5 49. h3 Ra7 50. Nce6+ Kf6 51. Rb6 Ne3 52. g4 Ra1+ 53. Kh2 Ra2+ 54. Kg3 Nf1+ 55. Kh4 h6 56. Rb7 hxg5+ 57. Nxg5 Ra1 58. Rf7# 1-0

[Event "RSA-ch U16"]
[Site "Waterkloof"]
[Date "2015.04.08"]
[Round "8"]
[White "Botes, Ettienne"]
[Black "Prinsloo, Marthinus Philippus"]
[Result "1-0"]
[WhiteElo "1410"]
[BlackElo "1563"]
[PlyCount "47"]
[EventDate "2015.04.04"]
[EventType "swiss"]
[EventRounds "9"]
[EventCountry "RSA"]
[SourceTitle "CBM 166 Extra"]
[Source "ChessBase"]
[SourceDate "2015.06.18"]
[SourceVersion "1"]
[SourceVersionDate "2015.06.18"]
[SourceQuality "1"]

1. d4 Nf6 2. Nf3 c5 3. Nc3 cxd4 4. Nxd4 a6 5. e4 d6 6. Be3 b5 7. f3 Bb7 8. Qd2 e6 9. 0-0-0 Nbd7 10. Qf2 Be7 11. Qg3 Rc8 12. Qxg7 Rg8 13. Qh6 Rg6 14. Qh3 Qc7 15. Rd2 d5 16. exd5 e5 17. Nf5 Bxd5 18. Nxe7 Kxe7 19. Rxd5 b4 20. Rxd7+ Qxd7 21. Qxd7+ Nxd7 22. Nd5+ Kf8 23. Nxb4 a5 24. Nd5 1-0